LEADER 01427nam a2200265 i 4500 001 991002519909707536 005 20020508201625.0 008 011128s1996 it ||| | ita 020 $a8879889206 035 $ab11021925-39ule_inst 035 $aPARLA164151$9ExL 040 $aDip.to Scienze Storiche Fil. e Geogr.$bita 110 2 $aSocietā internazionale di studi francescani$0167009 245 10$aDalla penitenza all'ascolto delle confessioni :$bil ruolo dei frati mendicanti :$batti del 23. Convegno internazionale : Assisi, 12-14 ottobre 1995 /$cSocietā internazionale di studi francescani, Centro interuniversitario di studi francescani 260 $aSpoleto :$bCentro italiano di studi sull'alto medioevo,$c1996 300 $aX, 321 p., 20 p. di tav. ;$c23 cm. 490 0 $aAtti dei convegni della Societā internazionale di studi francescani e del Centro interuniversitario di studi francescani.$pN. S. ;$v6 490 0 $aSISF convegni ;$v23 710 2 $aCentro interuniversitario di studi francescani$eauthor$4http://id.loc.gov/vocabulary/relators/aut$0167010 907 $a.b11021925$b23-02-17$c28-06-02 912 $a991002519909707536 945 $aLE009 MSM VIII Coll. 18/23$g1$i2009000142657$lle009$o-$pE0.00$q-$rn$so $t0$u1$v1$w1$x0$y.i11141487$z28-06-02 996 $aDalla penitenza all'ascolto delle confessioni$91456655 997 $aUNISALENTO 998 $ale009$b01-01-01$cm$da $e-$fita$git $h0$i1